| 000 | 00471nam a2200157 i 4500 | ||
|---|---|---|---|
| 001 | 30492 | ||
| 003 | ES-MaACL | ||
| 005 | 20230906154213.0 | ||
| 007 | t| | ||
| 008 | 030124s1940 le ||||1| fre d | ||
| 100 | 1 |
_aBelow, P. J. B. _927325 |
|
| 245 | 1 | 0 |
_aPetit dictionnaire arabe-français a l'usage des écoles / _cP. J. B. Belot. |
| 260 |
_aBeyrouth : _b[s.n., _c1940] ( _fImp. Catholique) |
||
| 300 |
_aVIII, 708 p. ; _c16 cm. |
||
| 852 |
_aES-MaACL _jB-10644 _bR.22778 |
||
| 999 |
_c30492 _d30492 |
||